• 首页
  • 本馆介绍
  • 公告通知
  • 最新文献
  • 馆藏检索
  • 电子资源
  • 读者导购
  • 参考咨询
  • 我的图书馆
  • 登录
  • 详细信息显示
  • 放入我的书架
  • 预约/预借图书
  • 作者相关作品
  • 分类相关作品
  • 丛书相关作品
  • 出版社相关作品

书目信息

  • 表格格式
  • 工作单格式
  • 卡片格式
题名:
联合国机制与改革
    
 
作者: 袁士槟 , 钱文荣 主编
分册:  
出版信息: 北京   北京语言学院出版社  1995.10
页数: 338页
开本: 32开
丛书名:
单 册:
中图分类: D813.2
科图分类:
主题词: 国际关系
电子资源:
ISBN: 7-5619-0504-1
000 00604nam0 2200205 45
001 0004121001
005 20031219104044.7
010    @a7-5619-0504-1@dCNY22.00
100    @a20000412d1995 km y0chiy0120 ea
101 0  @achi
105    @a z 000yy
200 1  @a联合国机制与改革@ALian He Guo Ji Zhi Yu Gai Ge@f袁士槟,钱文荣主编@FYuan Shi Bin,Qian Wen Rong Zhu Bian
210    @a北京@c北京语言学院出版社@d1995.10
215    @a338页@d32开
606 0  @a国际关系
690    @aD813.2@v1
701  0 @a袁士槟@4主编
701  0 @a钱文荣@4主编
801    @aCN@bTSTC@c20000412
905    @b287583-585@dD813.2@e34@f3
    
    联合国机制与改革/袁士槟,钱文荣主编.-北京:北京语言学院出版社,1995.10
    338页;32开
    
    
    ISBN 7-5619-0504-1:CNY22.00
    
●
相关链接 在E读中查询图书 在五车中查询图书 在当当中查询图书 在豆瓣中查询图书


正题名:联合国机制与改革     索取号:D813.2/34         预约/预借

序号 登录号 条形码 馆藏地/架位号 状态 备注
1 0287583   002875838   第一借阅区/ [索取号:D813.2/34] 在馆    
2 0287584   002875847   第一借阅区/ [索取号:D813.2/34] 在馆    
3 0287585   002875856   第一样本阅览室/ [索取号:D813.2/34] 在馆    
唐山师范学院图书馆 欢迎您!
大连网信软件有限公司© 版权所有